000 00405nam a2200145Ia 4500
008 220216s9999 xx 000 0 und d
100 _aMathew N M
245 0 _aNetwork changes in V belt rubber base during simulated service testing
260 _bJournal Of Applied Polymer Science
_c1984
300 _a427-431
700 _aChakaraabarthy S
700 _aDe S K
700 _aMukharji J
942 _cJS
999 _c63732
_d63732